|
|
|
|
| LEADER |
01242nam a2200289 a 4500 |
| 001 |
2527753 |
| 008 |
100111s1992 enkab b 001 0 eng d |
| 010 |
|
|
|a 93109491
|
| 020 |
|
|
|a 019877334X
|
| 020 |
|
|
|a 0198773358 (pbk.)
|
| 040 |
|
|
|a DLC
|c DLC
|d DLC
|d BD-DhAAL
|
| 082 |
0 |
0 |
|a 307.1/412/09724
|2 20
|
| 245 |
0 |
0 |
|a Rural livelihoods :
|b crises and responses /
|c edited by Henry Bernstein, Ben Crow, Hazel Johnson for an Open University course team.
|
| 260 |
|
|
|a Oxford ;
|a New York :
|b Oxford University Press in association with The Open University,
|c 1992.
|
| 300 |
|
|
|a xi, 324 p. :
|b ill., maps ;
|c 26 cm.
|
| 504 |
|
|
|a Includes bibliographical references (p. 301-305) and index.
|
| 541 |
1 |
|
|e 00006129
|
| 650 |
|
0 |
|a Rural development
|z Developing countries.
|
| 650 |
|
0 |
|a Agriculture
|x Economic aspects
|z Developing countries.
|
| 651 |
|
0 |
|a Developing countries
|x Rural conditions.
|
| 700 |
1 |
|
|a Bernstein, Henry.
|
| 700 |
1 |
|
|a Crow, Ben.
|
| 700 |
1 |
|
|a Johnson, Hazel.
|
| 710 |
2 |
|
|a Open University.
|
| 852 |
4 |
|
|a Ayesha Abed Library
|j General shelf
|
| 999 |
|
|
|c 6884
|d 6884
|
| 952 |
|
|
|0 0
|1 0
|2 ddc
|4 0
|6 307_141209724000000_RUR_1992
|7 0
|9 7095
|a BRACUL
|b BRACUL
|c GEN
|d 2010-01-12
|l 2
|m 1
|o 307.141209724 RUR
|p 3010006129
|r 2017-12-06
|s 2017-11-28
|t 1
|w 2010-01-12
|y BK
|